000
00404nam a22001697a 4500
003
MPLRDC
005
20220104142344.0
008
210129b ||||| |||| 00| 0 eng d
082
_a
177 YF c.2
100
_a
于飞译
245
_a
自信的心理学
_c
260
_a
_b
雷鼓出版社
_c
1993
300
_b
平
490
_a
人生心理丛书
650
_a
应用心理学
942
_c
BK
_o
177 YF c.2
999
_c
30153
_d
30143